000 00431nam a2200181Ia 4500
001 24664
005 20260414151058.0
008 260414t2011||||xx |||||||||||||| ||spa||
041 _aESP
082 _a345.721
_bL89B
100 _aLorca Navarrete, Antonio María
_eAUT
245 0 _aEl laudo arbitral
_b
260 _c2011
300 _a111 páginas :
_c20 cm.
650 _aDER
654 _aCDE
942 _cLIB
_dJUS
_fJUS
_2ddc
_n
999 _c24664
_d24664